NBA Triple Doubles Leaders Per Team - Statistics

General Stats
  • This quiz has been taken 417 times
    31 since last reset
  • The average score is 20 of 30
Answer Stats
Team # Answer % Correct
Nuggets 198 Nikola Jokić
100%
Cavaliers 64 LeBron James
96%
Thunder 138 Russell Westbrook
92%
Wizards 38 Russell Westbrook
92%
Bucks 56 Giannis Antetokounmpo
84%
Warriors 33 Draymond Green
80%
Hawks 15 Jalen Johnson
80%
Rockets 46 James Harden
80%
Clippers 8 James Harden
80%
Grizzlies 12 Ja Morant
80%
Hornets 11 LaMelo Ball
80%
Lakers 138 Magic Johnson
80%
Bulls 28 Michael Jordan
80%
Celtics 59 Larry Bird
76%
Mavericks 80 Luka Dončić
76%
Kings 176 Oscar Robertson
76%
76ers 62 Wilt Chamberlain
72%
Nets 61 Jason Kidd
64%
Suns 25 Jason Kidd
64%
Timberwolves 16 Kevin Garnett
64%
Pelicans 11 Chris Paul
60%
Trail Blazers 18 Clyde Drexler
56%
Heat 13 Jimmy Butler
52%
Knicks 23 Walt Frazier
52%
Pacers 18 Domantas Sabonis
48%
Pistons 29 Grant Hill
48%
Raptors 16 Kyle Lowry
44%
Jazz 7 Pete Maravich
28%
Spurs 17 Dejounte Murray
20%
Magic 8 Elfrid Payton
8%
No matching quizzes found
Score Distribution
Percent of People with Each Score
Percentile by Number Answered
Your Score History
You have not taken this quiz since the last reset